|
|
|
|
| LEADER |
00632nab a2200193 i 4500 |
| 001 |
acta23511 |
| 005 |
20210602123704.0 |
| 008 |
161017s1958 hu o 0|| eng d |
| 022 |
|
|
|a 0001-6721
|
| 040 |
|
|
|a SZTE Egyetemi Kiadványok Repozitórium
|b hun
|
| 041 |
|
|
|a eng
|
| 100 |
1 |
|
|a Bernáth G.
|
| 245 |
1 |
0 |
|a Resolution of DL-alanine
|h [elektronikus dokumentum] /
|c Bernáth G.
|
| 260 |
|
|
|c 1958
|
| 300 |
|
|
|a 125-130
|
| 490 |
0 |
|
|a Acta physica et chemica
|v 4 No. 3-4
|
| 695 |
|
|
|a Természettudomány, Kémia
|
| 700 |
0 |
1 |
|a Tuba Z.
|e aut
|
| 856 |
4 |
0 |
|u http://acta.bibl.u-szeged.hu/23511/1/phys_chem_004_fasc_003_004_125-130.pdf
|z Dokumentum-elérés
|